000 00645nam a2200229 i 4500
001 C2-0213544
003 PPAK
005 20180728103735.0
008 990407s1986 my a|||| ||||| | may d
040 _aPPAK
_beng
_cPPAK
_erda
082 0 4 _a499.2386
_2 23
090 0 0 _a499.2386
_bAZW
_dKSA
100 0 _aAzwar Abdul Manan,
_eauthor
245 1 0 _aKura-kura yang sombong
264 1 _aKuala Lumpur :
_bKancilmas ,
_c1986
300 _a24 pages :
_bcolour illustrations ;
_c21 cm
336 _2rdacontent
_atext
337 _2rdamedia
_aunmediated
338 _2rdacarrier
_avolume
650 1 0 _aMalay language - Readers.
942 _ddc
_cB
999 _c159027
_d159027